| 000 -ლიდერი |
| ფიქსირებული სიგრძის საკონტროლო ველი |
01761nam a2200301Ia 4500 |
| 001 - საკონტროლო ნომერი |
| საკონტროლო ველი |
10761 |
| 003 - საკონტროლო ნომრის იდენტიფიკატორი |
| საკონტროლო ველი |
GE_BSU |
| 005 - ბოლო ოპერაციის თარიღი და დრო |
| საკონტროლო ველი |
20200506180202.0 |
| 008 - ფიქსირებული სიგრძის მონაცემთა ელემენტები - ზოგადი ინფორმაცია |
| ფიქსირებული სიგრძის საკონტროლო ველი |
181216s2013ge xx |||||||||||||| ||geo|| |
| 020 ## - წიგნის საერთაშორისო სტანდარტული ნომერი |
| International Standard Book Number |
9789941106743 |
| 040 ## - კატალოგიზაციის წყარო |
| Transcribing agency |
GE_BSU |
| 041 ## - ენის კოდი |
| Language code of text/sound track or separate title |
geo |
| 080 ## - უნივერსალური ათობითი კლასიფიკაციის ინდექსი |
| Universal Decimal Classification number |
343.98(075.8) ფ-32 |
| 100 ## - მთავარი ჩანაწერი - პიროვნების სახელი |
| Personal name |
ფაფიაშვილი, შოთა . |
| 9 (RLIN) |
3829 |
| 245 ## - ცნობა სათაურის შესახებ |
| Title |
კრიმინალისტიკა :(ზოგადი ნაწილი):დანაშაულთა გამოძიებისა და გახსნის მეთოდოლოგია,ტექნიკა,ორგანიზაცია და ტაქტიკა: |
| Remainder of title |
სახელმძღვ. / |
| Statement of responsibility, etc |
შოთა გიორგის ძე ფაფიაშვილი ; რედ.: შოთა კოზმანაშვილი ; ჯემალ გახოკიძე. |
| 264 ## - წარმოების, გამოცემის, დისტრიბუციის და სხვა ცნობები |
| გამოცემის, წარმოების, დისტრიბუციის... ადგილი |
თბილისი : |
| გამოცემის, წარმოების, დისტრიბუციის... სახელწოდება |
მერიდიანი, |
| გამოცემის, წარმოების, დისტრიბუციის... თარიღი |
2013. |
| 300 ## - ფიზიკური აღწერა |
| Extent |
608 გვ .: |
| Other physical details |
სურ. ; |
| Dimensions |
24 სმ. |
| 504 ## - BIBLIOGRAPHY, ETC. NOTE |
| Bibliography, etc |
ბიბლიოგრ. ტექსტ. შენიშვნ. და გვ. 587-594 |
| 520 ## - SUMMARY, ETC. |
| Summary, etc |
რეზ. რუს. და გერმ |
| 546 ## - LANGUAGE NOTE |
| Language note |
თავფურცლის მე-3 გვ. სათ. რუს. და გერმ. ენ |
| 653 ## - INDEX TERM--UNCONTROLLED |
| Uncontrolled term |
კრიმინალისტიკა |
| 653 ## - INDEX TERM--UNCONTROLLED |
| Uncontrolled term |
დანაშაულის გამოძიება |
| 653 ## - INDEX TERM--UNCONTROLLED |
| Uncontrolled term |
დანაშაულის გახსნა |
| 653 ## - INDEX TERM--UNCONTROLLED |
| Uncontrolled term |
სამართალი |
| 700 ## - ADDED ENTRY--PERSONAL NAME |
| Personal name |
კოზმანაშვილი, შოთა |
| Relator term |
რედაქტორი |
| 9 (RLIN) |
7991 |
| 700 ## - ADDED ENTRY--PERSONAL NAME |
| Personal name |
გახოკიძე, ჯემალ |
| Relator term |
რედაქტორი |
| 9 (RLIN) |
7992 |
| 942 ## - ADDED ENTRY ELEMENTS (KOHA) |
| Koha item type |
წიგნი |
| Source of classification or shelving scheme |
|